000 00677nam a22002297a 4500
001 88442
003 UA-OsUOA
005 20221010160714.0
007 ta
008 20121005b un ||||| |||| 00| 0 ukr d
040 _aUA-OsUOA
_bukr
_cUA-OsUOA
_dUA-OsUOA
041 _aukr
080 _a94
090 _a94
_bЗ-30
245 _aЗаписки наукового товариства імені Шевченка
_bпраці Історично-філософської секції
260 _aЛьвів
_c1991
300 _a466 с.
505 _gТ. CCXXII
650 7 _a9 Географія. Біографії. Історія
_2UDC
942 _cBK
_2udc
955 _a1
999 _c374863
_d374863